000 00659nam a22002535a 4500
999 _c4997
_d4997
001 17325486
003 GBCCL
005 20241126110531.0
008 120531s2012 flu 000 0 eng
010 _a 2012940970
020 _a9781604493016 (alk. paper)
040 _aDLC
_cDLC
042 _apcc
082 _a328.1
_bKER
100 1 _aKerfoot, F. H.
_99019
245 1 0 _aParliamentary law /
_cF.H. Kerfoot, L.B., LL.D.
250 _a2012 ed.
260 _aHolmes Beach, FL :
_bGaunt, Inc.,
_c2012.
263 _a1210
300 _ap. cm.
906 _a0
_bibc
_corignew
_d2
_eepcn
_f20
_gy-gencatlg
942 _2ddc
_cBK
_01